Phát triển bền vững chuỗi cung ứng một số hàng hóa thiết yếu của Việt Nam

Sparad:
Bibliografiska uppgifter
Materialtyp: Sách
Språk:Undetermined
Publicerad:  Công Thương  2015
Ämnen:
Taggar: Lägg till en tagg
Inga taggar, Lägg till första taggen!
Thư viện lưu trữ: Trung tâm Thư viện - Trường Đại học Công nghiệp TP. Hồ Chí Minh
LEADER 00555nam a2200133Ia 4500
001 UIH_02746
008 231011s9999 xx 000 0 und d
082 |a  381.4109597 
245 0 |a  Phát triển bền vững chuỗi cung ứng một số hàng hóa thiết yếu của Việt Nam 
260 |b  Công Thương 
260 |c  2015 
650 |a  Nông nghiệp; Cung cấp thực phẩm; Thương mại;  
927 |a Sách 
980 |a Trung tâm Thư viện - Trường Đại học Công nghiệp TP. Hồ Chí Minh